New Zealand All Blacks Rugby - Springboks Test Venues - Statistics

General Stats
  • This quiz has been taken 100 times
    18 since last reset
  • The average score is 13 of 17
Answer Stats
Answer % Correct
Johannesburg
100%
Auckland
94%
Pretoria
94%
Cape Town
88%
Durban
88%
London
88%
Wellington
88%
Bloemfontein
81%
Christchurch
81%
Dunedin
81%
Hamilton
75%
Melbourne
69%
Cardiff
63%
Rustenburg
63%
Port Elizabeth
56%
Yokohama
50%
Mbombela
44%
No matching quizzes found
Score Distribution
Percent of People with Each Score
Percentile by Number Answered
Your Score History
You have not taken this quiz since the last reset